Datum a čas kvízu
25
Celkem bodů
Celkový počet nahraných bodů na tomto kvízu bez doplňovacích otázek.
3.
Pořadí na kvízu
Konečné umístění týmu na tomto kvízu.
Zaznamenané odpovědi
| # | Otázka | Odpověď | Body | Výsledky |
|---|---|---|---|---|
| 1. | Minulý týden vykonal Miloš Zem... | Štrbské pleso | 0 | |
| 2. | Rada kalifornského města South... | pávi | 0 | |
| 3. | Letošní předávání hudebních ce... | Harry Styles, One Direction | 0.5 | |
| 4. | Autem roku 2023 v České republ... | C) Honda Civic | 1 | |
| 5. | Ve středu začalo v německém Ob... | v biatlonu | 1 | |
| 6. | Toto téma vyhrálo minulý týden... | Wednesday | 1 | |
| 7. | Který herec a herečka, narozen... | Jaroslav Dušek, Eva Holubová | 1 | |
| 8. | Které tvrzení o filmu Top Gun:... | C | 1 | |
| 9. | Příběhem které firmy založené... | Spotify | 1 | |
| 10. | Jak se jmenuje tato seriálová... | Jitřní záře | 1 |